[Event "CYCC U10"]
[Site "Victoria CAN"]
[Date "2005.03.25"]
[Round "4.3"]
[White "Qin, Zi Yi (Joey)"]
[Black "Gusev, Nikita"]
[Result "0-1"]
[WhiteElo "1533"]
[BlackElo "1732"]
[PlyCount "112"]
[GameId "2160767910968973"]
[EventDate "2005.03.24"]
[EventType "swiss"]
[EventRounds "7"]
[EventCountry "CAN"]

1. e4 c5 2. Nf3 d6 3. d4 cxd4 4. Nxd4 Nf6 5. Nc3 a6 6. Bc4 e6 7. Be3 Nbd7 8. Qd2 Nc5 9. f3 b5 10. Bb3 Bb7 11. O-O-O g6 12. Qf2 Bg7 13. Nde2 Nxb3+ 14. cxb3 O-O 15. e5 Nd5 16. exd6 Qxd6 17. Bc5 Qc7 18. Bxf8 Rxf8 19. Kb1 b4 20. Nxd5 Bxd5 21. Rc1 Qe5 22. Rc2 f5 23. Re1 a5 24. Ng3 Qf6 25. Qe2 a4 26. bxa4 b3 27. Rc3 bxa2+ 28. Ka1 Qxc3 29. bxc3 Bxc3+ 30. Qb2 Bxb2+ 31. Kxb2 Rb8+ 32. Ka1 Rb4 33. Ne2 Rxa4 34. Nc3 Ra3 35. Nxd5 exd5 36. Rd1 Ra5 37. Rd2 Kf7 38. Rxa2 Rxa2+ 39. Kxa2 Ke6 40. Kb3 Ke5 41. Kc3 d4+ 42. Kd3 Kd5 43. f4 h5 44. g3 Kc5 45. h3 Kd5 46. h4 Kc5 47. Kd2 Kc4 48. Kc2 d3+ 49. Kd2 Kd4 50. Kd1 Ke3 51. Ke1 d2+ 52. Kd1 Kd3 53. g4 fxg4 54. f5 g3 55. fxg6 g2 56. g7 g1=R# 0-1

[Event "CYCC U10"]
[Site "Victoria CAN"]
[Date "2005.03.25"]
[Round "4.4"]
[White "Bibic, Brennan"]
[Black "Kaminski, Thomas"]
[Result "0-1"]
[WhiteElo "1300"]
[BlackElo "1786"]
[PlyCount "74"]
[GameId "2160767910968974"]
[EventDate "2005.03.24"]
[EventType "swiss"]
[EventRounds "7"]
[EventCountry "CAN"]

1. e4 e5 2. Nf3 Nc6 3. d4 exd4 4. Nxd4 Qf6 5. Be3 Bc5 6. c3 Nge7 7. Qd2 a6 8. Bg5 Qe5 9. Bd3 Nxd4 10. cxd4 Bxd4 11. O-O Bxb2 12. Bf4 Qf6 13. Bg5 Qg6 14. Bxe7 Bxa1 15. e5 Qe6 16. Qb4 Qxe7 17. Qxe7+ Kxe7 18. Nd2 Bc3 19. Nb3 d6 20. exd6+ cxd6 21. Rc1 Be5 22. Rc7+ Kf6 23. Bc4 Be6 24. Bxe6 fxe6 25. Rxb7 Rab8 26. Ra7 Rhc8 27. g3 Rb6 28. f4 Bb2 29. Kg2 Rc2+ 30. Kh3 e5 31. Na5 e4 32. Nb3 e3 33. g4 e2 34. g5+ Kg6 35. Re7 Be5 36. f5+ Kxf5 37. Nd4+ Bxd4 0-1

[Event "CYCC U10"]
[Site "Victoria CAN"]
[Date "2005.03.25"]
[Round "4.5"]
[White "Inigo, Aquino"]
[Black "Sohal, Tanraj"]
[Result "1-0"]
[WhiteElo "1709"]
[BlackElo "1279"]
[PlyCount "125"]
[GameId "2160767910968975"]
[EventDate "2005.03.24"]
[EventType "swiss"]
[EventRounds "7"]
[EventCountry "CAN"]

1. d4 d5 2. c4 e6 3. Nc3 Nc6 4. Nf3 Nf6 5. Bg5 Be7 6. e3 Ne4 7. Bxe7 Nxe7 8. cxd5 Nxc3 9. bxc3 exd5 10. Bd3 Ng6 11. O-O O-O 12. c4 dxc4 13. Bxc4 Qf6 14. Nd2 c6 15. Qf3 Qxf3 16. Nxf3 Bg4 17. Nd2 Rad8 18. Rab1 Rd7 19. Ne4 b6 20. Ng3 Be6 21. Bxe6 fxe6 22. Rfc1 Ne7 23. Ne2 Rc8 24. Nf4 Rd6 25. Nd3 c5 26. Nf4 c4 27. Rc2 Nd5 28. Nd3 Rdc6 29. Ne5 R6c7 30. e4 Nf4 31. g3 Ng6 32. Nf3 c3 33. Kf1 Rc6 34. Ke2 a6 35. Kd3 Rf8 36. Ng1 b5 37. f4 Rfc8 38. Rb3 Kf7 39. Rcxc3 Rxc3+ 40. Rxc3 Rxc3+ 41. Kxc3 a5 42. Nf3 Ke7 43. Nd2 Kd6 44. Nb3 a4 45. Nc5 Nf8 46. Kb4 Kc6 47. Ka5 g6 48. Na6 Nd7 49. Nb4+ Kc7 50. e5 Nb8 51. Kxb5 Nd7 52. Kxa4 Nb6+ 53. Kb5 Nd7 54. a4 Nb8 55. a5 Kb7 56. a6+ Ka8 57. d5 exd5 58. Nxd5 Ka7 59. e6 h5 60. e7 Nxa6 61. e8=Q Nc7+ 62. Nxc7 h4 63. Qa8# 1-0

[Event "CYCC U10"]
[Site "Victoria CAN"]
[Date "2005.03.25"]
[Round "4.6"]
[White "Leu, Richard"]
[Black "Cannon, Farley"]
[Result "1/2-1/2"]
[WhiteElo "1199"]
[BlackElo "1351"]
[PlyCount "155"]
[GameId "2160767910968976"]
[EventDate "2005.03.24"]
[EventType "swiss"]
[EventRounds "7"]
[EventCountry "CAN"]

1. e4 e5 2. Nf3 Nc6 3. Bb5 a6 4. Bxc6 dxc6 5. h3 f6 6. O-O Be6 7. d4 Bd6 8. Nc3 Qd7 9. dxe5 fxe5 10. Ng5 Bc4 11. Re1 O-O-O 12. Be3 h6 13. Nf3 Nf6 14. Nd2 Be6 15. a4 Rdg8 16. Qe2 g5 17. Reb1 g4 18. h4 g3 19. f3 Qe7 20. Nc4 Nh5 21. Nxd6+ cxd6 22. Kf1 Qf7 23. Ke1 Bc4 24. Qd2 Qf6 25. b3 Bf7 26. Ke2 Qxh4 27. Qxd6 Nf4+ 28. Bxf4 Qxf4 29. Rd1 Rd8 30. Qe7 Rhe8 31. Qc5 Qf6 32. Rxd8+ Rxd8 33. Rd1 Rxd1 34. Nxd1 Kc7 35. Ne3 h5 36. Nf5 h4 37. Qe7+ Qxe7 38. Nxe7 Be6 39. Ng6 h3 40. gxh3 Bxh3 41. Nxe5 Kd6 42. Ng6 Bg2 43. Nf4 Bh1 44. Nh3 Ke5 45. Ke3 c5 46. a5 Bg2 47. Ng1 Bf1 48. f4+ Kf6 49. Kf3 g2 50. e5+ Kf5 51. Kg3 Bb5 52. e6 Bc6 53. e7 Kf6 54. e8=Q Bxe8 55. Kxg2 Bg6 56. c3 Kf5 57. Kf3 Bh5+ 58. Ke3 Bg4 59. Nf3 Bh5 60. Ne5 Be8 61. Nc4 Bc6 62. b4 cxb4 63. cxb4 Ke6 64. Kd4 Kf5 65. Ke3 Ke6 66. Nd2 Kf5 67. Nf3 Kf6 68. Ne1 Kf5 69. Nd3 Kf6 70. Kd4 Kf5 71. Nc5 Kxf4 72. Ne6+ Kf5 73. Nd8 Bb5 74. Nxb7 Ke6 75. Nc5+ Kd6 76. Ne4+ Kc6 77. Nf6 Ba4 78. Ne4 1/2-1/2

[Event "CYCC U10"]
[Site "Victoria CAN"]
[Date "2005.03.25"]
[Round "4.7"]
[White "Cunningham, Ross"]
[Black "Belanger, Marc Andre"]
[Result "1/2-1/2"]
[WhiteElo "1337"]
[BlackElo "1327"]
[PlyCount "34"]
[GameId "2160767910968977"]
[EventDate "2005.03.24"]
[EventType "swiss"]
[EventRounds "7"]
[EventCountry "CAN"]

1. e4 c5 2. Nf3 Nc6 3. Nc3 d6 4. Bb5 Bd7 5. d4 cxd4 6. Nxd4 Qb6 7. Nxc6 Bxc6 8. Bxc6+ Qxc6 9. Be3 Nf6 10. f3 e6 11. O-O Be7 12. a4 a6 13. Ne2 O-O 14. Nd4 Qc7 15. b3 Rac8 16. Rc1 d5 17. Qe1 Bd6 1/2-1/2

[Event "CYCC U10"]
[Site "Victoria CAN"]
[Date "2005.03.25"]
[Round "4.8"]
[White "Zhao, Donovan"]
[Black "Li, Stanley"]
[Result "1-0"]
[WhiteElo "862"]
[BlackElo "1197"]
[PlyCount "85"]
[GameId "2160767910968978"]
[EventDate "2005.03.24"]
[EventType "swiss"]
[EventRounds "7"]
[EventCountry "CAN"]

1. e4 c5 2. Nf3 Nc6 3. d4 cxd4 4. Nxd4 g6 5. c4 Bg7 6. Be3 Nf6 7. Nc3 O-O 8. Be2 d6 9. O-O Bd7 10. Qd2 a6 11. Nxc6 Bxc6 12. f3 b5 13. b3 bxc4 14. bxc4 Rb8 15. Rab1 Qa5 16. Nd5 Qxd2 17. Bxd2 Nxd5 18. cxd5 Bb5 19. Bxb5 Rxb5 20. Rxb5 axb5 21. Rb1 Rc8 22. Be1 Rc2 23. Rxb5 Bd4+ 24. Kf1 Rxa2 25. Bg3 Ra1+ 26. Ke2 h6 27. Kd3 Bc5 28. Bf4 Kg7 29. Rb2 e5 30. Be3 Bxe3 31. Kxe3 Re1+ 32. Kf2 Rh1 33. h3 Rc1 34. Rb6 Rc2+ 35. Kg3 f5 36. Rxd6 f4+ 37. Kh2 h5 38. Re6 g5 39. Rxe5 g4 40. hxg4 hxg4 41. Rg5+ Kf6 42. Rxg4 Ke5 43. Rg5+ 1-0

[Event "CYCC U10"]
[Site "Victoria CAN"]
[Date "2005.03.25"]
[Round "4.9"]
[White "Knox, Christopher"]
[Black "Gladstone, Simon"]
[Result "1-0"]
[WhiteElo "1505"]
[BlackElo "1136"]
[PlyCount "61"]
[GameId "2160767910968979"]
[EventDate "2005.03.24"]
[EventType "swiss"]
[EventRounds "7"]
[EventCountry "CAN"]

1. d4 e6 2. c4 Nf6 3. Nc3 Bb4 4. Qc2 O-O 5. a3 Bxc3+ 6. Qxc3 d6 7. Nf3 b6 8. Bg5 Nbd7 9. e3 c5 10. Bd3 Bb7 11. b4 Rc8 12. Qc2 Qc7 13. Rc1 Rfe8 14. Nd2 cxd4 15. exd4 d5 16. c5 bxc5 17. Bxf6 Nxf6 18. dxc5 Qe5+ 19. Kd1 Ne4 20. Nf3 Qf5 21. Ke2 g6 22. Rhe1 d4 23. Kf1 Red8 24. Bxe4 Bxe4 25. Qxe4 Qxe4 26. Rxe4 d3 27. Rd4 Rxd4 28. Nxd4 Rd8 29. Nc6 d2 30. Rd1 Rc8 31. Ne7+ 1-0

[Event "CYCC U10"]
[Site "Victoria CAN"]
[Date "2005.03.25"]
[Round "4.10"]
[White "Constantinescu, Vlad"]
[Black "Wild, Jonathan"]
[Result "1-0"]
[WhiteElo "1094"]
[BlackElo "848"]
[PlyCount "109"]
[GameId "2160767910968980"]
[EventDate "2005.03.24"]
[EventType "swiss"]
[EventRounds "7"]
[EventCountry "CAN"]

1. e4 e5 2. Nf3 d6 3. d3 Nf6 4. c3 Bd7 5. Bg5 Be7 6. Nbd2 O-O 7. d4 exd4 8. cxd4 Bg4 9. Bd3 Nc6 10. Qb3 Na5 11. Qb4 b6 12. h3 d5 13. Qc3 dxe4 14. Bxe4 Nxe4 15. Nxe4 Bxf3 16. Bxe7 Qxe7 17. gxf3 c5 18. O-O cxd4 19. Qxd4 Nc6 20. Qe3 Ne5 21. b3 Qh4 22. Kh2 Rad8 23. Rad1 Rd7 24. f4 Ng4+ 25. Kg2 Nxe3+ 26. fxe3 Rfd8 27. Rc1 Rd2+ 28. Nxd2 Rxd2+ 29. Kf3 Qxh3+ 30. Ke4 f5+ 31. Ke5 g6 32. Kf6 Qh4+ 33. Ke6 Qd8 34. Rc6 Qe8+ 35. Kf6 h6 36. Rfc1 Qf7+ 37. Ke5 Qe7+ 38. Re6 Qd7 39. Rcc6 Kf7 40. Rf6+ Ke7 41. Rce6+ Kd8 42. Rf8+ Kc7 43. Kf6 Rg2 44. Rf7 h5 45. Ree7 h4 46. Rxd7+ Kc6 47. Rc7+ Kb5 48. Rh7 Rh2 49. Kxg6 h3 50. Kxf5 Rh1 51. Rh6 h2 52. Rch7 a5 53. Rxh2 Rd1 54. R7h5 Rd3 55. Ke4+ 1-0

[Event "CYCC U10"]
[Site "Victoria CAN"]
[Date "2005.03.25"]
[Round "4.11"]
[White "Leu, Steven"]
[Black "Sabaratnam, Thiruvaran"]
[Result "0-1"]
[WhiteElo "794"]
[BlackElo "1070"]
[PlyCount "48"]
[GameId "2160767910968981"]
[EventDate "2005.03.24"]
[EventType "swiss"]
[EventRounds "7"]
[EventCountry "CAN"]

1. e4 e5 2. Nf3 Nc6 3. Bb5 a6 4. Bxc6 dxc6 5. Nc3 Bd6 6. d4 exd4 7. Nxd4 Nf6 8. Be3 h6 9. Qd2 Bd7 10. O-O-O b5 11. a3 a5 12. Nf5 Bxf5 13. exf5 a4 14. b3 Bb4 15. Qxd8+ Rxd8 16. Rxd8+ Kxd8 17. Na2 Bd6 18. Rd1 Ke7 19. Re1 Kd7 20. Rd1 Rb8 21. Bc5 Ne4 22. bxa4 Nxf2 23. Rd4 Ke7 24. Bxd6+ cxd6 0-1

[Event "CYCC U10"]
[Site "Victoria CAN"]
[Date "2005.03.25"]
[Round "4.12"]
[White "Dragan, Cristian"]
[Black "Wong, Justin"]
[Result "1-0"]
[WhiteElo "1044"]
[BlackElo "763"]
[PlyCount "71"]
[GameId "2160767910968982"]
[EventDate "2005.03.24"]
[EventType "swiss"]
[EventRounds "7"]
[EventCountry "CAN"]

1. e4 e5 2. Nf3 Nf6 3. Nxe5 Nxe4 4. Qe2 Nc5 5. Nc6+ Qe7 6. Nxe7 Bxe7 7. Nc3 Nca6 8. g3 Nc6 9. Bg2 d6 10. d3 Nd4 11. Qd1 Nb4 12. O-O h5 13. a3 Nbxc2 14. Rb1 Bg4 15. f3 Bf5 16. Ne2 h4 17. Nxd4 Nxd4 18. g4 Be6 19. Be3 Bb3 20. Qd2 Bc2 21. Bxd4 Bxb1 22. Rxb1 c5 23. Bxg7 Rg8 24. Bc3 O-O-O 25. b4 b6 26. bxc5 dxc5 27. a4 c4 28. d4 Rd7 29. a5 Rgd8 30. axb6 axb6 31. Rxb6 Bc5 32. Rc6+ Kb7 33. Rxc5 Re8 34. Qb2+ Ka8 35. Ra5+ Ra7 36. f4+ 1-0

[Event "CYCC U10"]
[Site "Victoria CAN"]
[Date "2005.03.25"]
[Round "4.13"]
[White "Gann, Connor"]
[Black "Michaelis, Nathaniel"]
[Result "1-0"]
[WhiteElo "922"]
[BlackElo "718"]
[PlyCount "63"]
[GameId "2160767910968983"]
[EventDate "2005.03.24"]
[EventType "swiss"]
[EventRounds "7"]
[EventCountry "CAN"]

1. d4 e5 2. d5 Nf6 3. Nc3 Bb4 4. Bd2 Bc5 5. e4 Ng4 6. Qxg4 d6 7. Qxg7 Rf8 8. Qxh7 Qf6 9. f3 Rh8 10. Bg5 Rxh7 11. Bxf6 Bd7 12. Nb5 Bb6 13. a4 Rh6 14. a5 Na6 15. axb6 axb6 16. Bg5 Rg6 17. Be3 O-O-O 18. Na7+ Kb8 19. Bxa6 bxa6 20. Rxa6 Rxg2 21. h4 Rxc2 22. h5 Rh8 23. h6 Rxb2 24. Ra1 Rb3 25. Bg5 f5 26. exf5 Bxf5 27. Nc6+ Kc8 28. Ra8+ Kd7 29. Rxh8 Rb1+ 30. Kf2 Rb2+ 31. Kg3 e4 32. Rd8# 1-0

[Event "CYCC U10"]
[Site "Victoria CAN"]
[Date "2005.03.25"]
[Round "4.14"]
[White "Harris, Phelan"]
[Black "Brown, David"]
[Result "0-1"]
[WhiteElo "812"]
[BlackElo "777"]
[PlyCount "70"]
[GameId "2160767910968984"]
[EventDate "2005.03.24"]
[EventType "swiss"]
[EventRounds "7"]
[EventCountry "CAN"]

1. e4 d6 2. Bb5+ Bd7 3. Bc4 Nf6 4. Nf3 Nc6 5. O-O g6 6. Nc3 Bg7 7. d4 O-O 8. Bg5 Be6 9. e5 Bxc4 10. Re1 h6 11. Bf4 Nd5 12. Nxd5 Bxd5 13. Nd2 h5 14. Bg3 Nxd4 15. Nb3 Nxb3 16. cxb3 Bc6 17. e6 Qc8 18. exf7+ Rxf7 19. Re2 Rb8 20. Qe1 b6 21. Re6 Ba8 22. Rxg6 Qb7 23. Qf1 Rf6 24. Rg5 Rd8 25. Rxh5 d5 26. Qb1 d4 27. Qh7+ Kf8 28. Kf1 d3 29. Rd1 Qxg2+ 30. Ke1 Qg1+ 31. Kd2 Qg2 32. Rg5 Rf7 33. Kc1 Qc6+ 34. Kb1 Qc2+ 35. Ka1 Qxb2# 0-1

[Event "CYCC U10"]
[Site "Victoria CAN"]
[Date "2005.03.25"]
[Round "4.15"]
[White "Duncalfe, Clay"]
[Black "McDonald, Garrett"]
[Result "0-1"]
[WhiteElo "954"]
[BlackElo "840"]
[PlyCount "50"]
[GameId "2160767910968985"]
[EventDate "2005.03.24"]
[EventType "swiss"]
[EventRounds "7"]
[EventCountry "CAN"]

1. e4 d6 2. Bc4 Nf6 3. c3 Nxe4 4. Qb3 e6 5. Bd3 d5 6. c4 d4 7. Bxe4 g6 8. c5 Bxc5 9. Qc4 Nd7 10. h4 Qf6 11. Rh3 Ne5 12. Qxc5 Ng4 13. Bf3 b6 14. Qxc7 Ne5 15. a4 Nxf3+ 16. Rxf3 Qe7 17. Qh2 Bb7 18. Rd3 Qf6 19. Raa3 O-O 20. Nf3 Rad8 21. Rxd4 Rxd4 22. Nxd4 Qxd4 23. Qc7 Bxg2 24. Rd3 Qxd3 25. Qe5 Qf1# 0-1

[Event "CYCC U10"]
[Site "Victoria CAN"]
[Date "2005.03.25"]
[Round "4.16"]
[White "Rathwell, James"]
[Black "Hood, Liam"]
[Result "1-0"]
[WhiteElo "764"]
[BlackElo "782"]
[PlyCount "37"]
[GameId "2160767910968986"]
[EventDate "2005.03.24"]
[EventType "swiss"]
[EventRounds "7"]
[EventCountry "CAN"]

1. d4 d5 2. c4 c6 3. Nf3 e6 4. Nc3 Nd7 5. cxd5 cxd5 6. e4 Nb6 7. exd5 e5 8. dxe5 Bg4 9. Be2 Nxd5 10. Nxd5 Ne7 11. Nxe7 Bxe7 12. Qa4+ b5 13. Qxb5+ Kf8 14. O-O Bxf3 15. Bxf3 f6 16. exf6 gxf6 17. Bh6+ Kg8 18. Qc4+ Qd5 19. Qxd5# 1-0

[Event "CYCC U10"]
[Site "Victoria CAN"]
[Date "2005.03.26"]
[Round "5.1"]
[White "Gusev, Nikita"]
[Black "Milner, Arie"]
[Result "1-0"]
[WhiteElo "1732"]
[BlackElo "1405"]
[PlyCount "145"]
[GameId "2160767910968987"]
[EventDate "2005.03.24"]
[EventType "swiss"]
[EventRounds "7"]
[EventCountry "CAN"]

1. e4 c6 2. d4 d5 3. Nc3 dxe4 4. Nxe4 Bf5 5. Ng3 Bg6 6. Nf3 Nd7 7. h4 h6 8. Bc4 e6 9. Qe2 Ngf6 10. Ne5 Nxe5 11. dxe5 Nd5 12. h5 Bh7 13. O-O Qc7 14. Bd3 Bxd3 15. cxd3 Be7 16. d4 Qb6 17. Qg4 Bf8 18. a3 Qb3 19. Ne4 O-O-O 20. Qf3 Qxf3 21. gxf3 Nb6 22. Be3 Be7 23. b4 Rdg8 24. Rfc1 Kb8 25. Nc5 g6 26. a4 gxh5+ 27. Kf1 Bxc5 28. bxc5 Nd5 29. a5 a6 30. Ke2 Nxe3 31. Kxe3 Rg5 32. f4 Rg4 33. Rh1 h4 34. f3 Rg6 35. Rxh4 h5 36. Rah1 Rgh6 37. Ke4 Kc7 38. f5 Kd7 39. f6 R6h7 40. Rg1 Ke8 41. Rb1 Rg8 42. Rxb7 Rg1 43. Rb6 Re1+ 44. Kd3 Kd7 45. Rxa6 Ra1 46. Rb6 Rxa5 47. Rb7+ Kc8 48. Rb1 Ra3+ 49. Ke4 Rh6 50. Rbh1 Rg6 51. Rxh5 Rg3 52. R5h3 Raxf3 53. Rxg3 Rxg3 54. Rh7 Rg4+ 55. Kd3 Kd8 56. Rxf7 Rg3+ 57. Kc4 Ra3 58. Re7 Ra6 59. Rxe6 Ra4+ 60. Kd3 Ra1 61. f7 Rd1+ 62. Ke4 Rf1 63. Rf6 Rxf6 64. exf6 Kc7 65. f8=Q Kb7 66. Qd8 Ka7 67. Qb6+ Ka8 68. Qxc6+ Kb8 69. f7 Ka7 70. f8=N Kb8 71. Nd7+ Ka7 72. Qb6+ Ka8 73. Qb8# 1-0

[Event "CYCC U10"]
[Site "Victoria CAN"]
[Date "2005.03.26"]
[Round "5.3"]
[White "Cheng, Jack"]
[Black "Kaminski, Thomas"]
[Result "1-0"]
[WhiteElo "1545"]
[BlackElo "1786"]
[PlyCount "70"]
[GameId "2160767910968989"]
[EventDate "2005.03.24"]
[EventType "swiss"]
[EventRounds "7"]
[EventCountry "CAN"]

1. e4 e5 2. Nf3 Nc6 3. d4 exd4 4. Nxd4 Qf6 5. Be3 Bc5 6. c3 Nge7 7. Bc4 Ne5 8. Be2 N7g6 9. O-O d6 10. Qd2 h6 11. f4 Nc6 12. Qd3 Bd7 13. Nd2 a6 14. a3 Qe7 15. Kh1 Nxd4 16. Bxd4 Rg8 17. b4 Bxd4 18. Qxd4 c5 19. bxc5 dxc5 20. Qe3 O-O-O 21. Nb3 Bc6 22. Nxc5 f5 23. Bc4 Bd5 24. Bxd5 Rxd5 25. Na4 Ra5 26. Nb6+ Kc7 27. e5 Qe6 28. Rab1 Qc6 29. c4 Nh4 30. Rf2 g5 31. Nd5+ Rxd5 32. cxd5 Qxd5 33. Qb6+ Kb8 34. fxg5 Rxg5 35. Rd2 Qc6 1-0

[Event "CYCC U10"]
[Site "Victoria CAN"]
[Date "2005.03.26"]
[Round "5.4"]
[White "Baser, Arthur"]
[Black "Qin, Zi Yi (Joey)"]
[Result "1-0"]
[WhiteElo "1477"]
[BlackElo "1533"]
[PlyCount "49"]
[GameId "2160767910968990"]
[EventDate "2005.03.24"]
[EventType "swiss"]
[EventRounds "7"]
[EventCountry "CAN"]

1. e4 c5 2. Nf3 d6 3. d4 cxd4 4. Nxd4 Nf6 5. Nc3 Nc6 6. Bc4 e6 7. Bb3 a6 8. Be3 Be7 9. f3 Qc7 10. Qe2 O-O 11. g4 b5 12. g5 Nd7 13. h4 Bb7 14. h5 Nxd4 15. Bxd4 Bxg5 16. Qg2 e5 17. Qxg5 exd4 18. Rg1 g6 19. hxg6 Kh8 20. g7+ Kg8 21. gxf8=Q+ Kxf8 22. Qg8+ Ke7 23. Qxf7+ Kd8 24. Rg8+ Nf8 25. Rxf8# 1-0

[Event "CYCC U10"]
[Site "Victoria CAN"]
[Date "2005.03.26"]
[Round "5.5"]
[White "Belanger, Marc Andre"]
[Black "Knox, Christopher"]
[Result "1-0"]
[WhiteElo "1327"]
[BlackElo "1505"]
[PlyCount "43"]
[GameId "2160767910968991"]
[EventDate "2005.03.24"]
[EventType "swiss"]
[EventRounds "7"]
[EventCountry "CAN"]

1. e4 c5 2. Nf3 Nc6 3. d4 cxd4 4. Nxd4 g6 5. Nxc6 bxc6 6. Nc3 Bg7 7. Bd2 Rb8 8. Rb1 e6 9. Bd3 d5 10. exd5 cxd5 11. Qc1 Bd7 12. O-O Ne7 13. Re1 O-O 14. Bh6 Re8 15. Bxg7 Kxg7 16. Nd1 Bc6 17. Ne3 d4 18. Ng4 Qd5 19. f3 Qxa2 20. Qh6+ Kh8 21. Nf6 Rg8 22. Qxh7# 1-0

[Event "CYCC U10"]
[Site "Victoria CAN"]
[Date "2005.03.26"]
[Round "5.6"]
[White "Cannon, Farley"]
[Black "Zhao, Donovan"]
[Result "1-0"]
[WhiteElo "1351"]
[BlackElo "862"]
[PlyCount "53"]
[GameId "2160767910968992"]
[EventDate "2005.03.24"]
[EventType "swiss"]
[EventRounds "7"]
[EventCountry "CAN"]

1. e4 e5 2. Nf3 Nc6 3. Bc4 Nf6 4. d4 exd4 5. O-O Bc5 6. e5 Ng8 7. c3 d5 8. exd6 Qxd6 9. Re1+ Nge7 10. Bg5 f6 11. Bh4 dxc3 12. Nxc3 Qxd1 13. Raxd1 Bg4 14. Bg3 Rd8 15. Rxd8+ Kxd8 16. Nb5 Bb6 17. h3 Bh5 18. Be6 a6 19. Rd1+ Ke8 20. Nxc7+ Kf8 21. Rd7 Bf7 22. Bxf7 Kxf7 23. Nd5 Bc5 24. Rxb7 Rd8 25. Nxe7 Nxe7 26. a3 Kg6 27. b4 1-0

[Event "CYCC U10"]
[Site "Victoria CAN"]
[Date "2005.03.26"]
[Round "5.7"]
[White "Leu, Richard"]
[Black "Cunningham, Ross"]
[Result "1-0"]
[WhiteElo "1199"]
[BlackElo "1337"]
[PlyCount "97"]
[GameId "2160767910968993"]
[EventDate "2005.03.24"]
[EventType "swiss"]
[EventRounds "7"]
[EventCountry "CAN"]

1. e4 e5 2. Nf3 Nc6 3. Bb5 Bc5 4. O-O d6 5. Nc3 Nf6 6. d3 h6 7. Be3 Bb4 8. a3 Bxc3 9. bxc3 Bg4 10. h3 Bh5 11. Qe2 O-O 12. Bd2 a6 13. Bc4 Ne7 14. Qe3 b5 15. Bb3 c5 16. a4 Qb6 17. Nh4 Bg6 18. Kh1 Qc6 19. c4 b4 20. c3 a5 21. Rac1 Nd7 22. f4 Rab8 23. cxb4 cxb4 24. f5 Bh7 25. Kh2 Kh8 26. g4 f6 27. Nf3 Nc5 28. Rb1 Nxb3 29. Rxb3 Qxa4 30. Rfb1 Qd7 31. h4 Nc6 32. Re1 Ra8 33. g5 fxg5 34. hxg5 hxg5 35. Nxg5 a4 36. Rbb1 b3 37. Qh3 g6 38. Kg2 Rfb8 39. Rh1 Rb7 40. Qh6 b2 41. Rbf1 Qg7 42. Qxg7+ Rxg7 43. f6 a3 44. fxg7+ Kxg7 45. Rxh7+ Kg8 46. Rfh1 a2 47. Rh8+ Kg7 48. R1h7+ Kf6 49. Rf7# 1-0

[Event "CYCC U10"]
[Site "Victoria CAN"]
[Date "2005.03.26"]
[Round "5.8"]
[White "Sabaratnam, Thiruvaran"]
[Black "Bibic, Brennan"]
[Result "1-0"]
[WhiteElo "1070"]
[BlackElo "1300"]
[PlyCount "77"]
[GameId "2160767910968994"]
[EventDate "2005.03.24"]
[EventType "swiss"]
[EventRounds "7"]
[EventCountry "CAN"]

1. e4 e5 2. Nf3 Nc6 3. Bc4 Nf6 4. d3 Bc5 5. Nc3 Ng4 6. O-O O-O 7. h3 Nf6 8. Bg5 Be7 9. Be3 b6 10. a3 Bb7 11. Bd5 Bc5 12. Bxc6 Bxc6 13. Nxe5 Bb7 14. Nf3 d5 15. exd5 Nxd5 16. Nxd5 Qxd5 17. Bxc5 Qxc5 18. c4 Rae8 19. b3 Re6 20. d4 Qf5 21. d5 Rg6 22. Nh4 Qg5 23. Nxg6 Qxg6 24. Qg4 Qd6 25. Qg3 Qc5 26. Rfe1 f5 27. Qg5 f4 28. Qe7 Qd4 29. Qe6+ Kh8 30. Qe5 Qd2 31. Qxc7 Bc8 32. Re7 Qd4 33. Rae1 Kg8 34. Re8 h6 35. Rxf8+ Kxf8 36. Qxc8+ Kf7 37. Qe8+ Kf6 38. Re6+ Kf5 39. Qg6# 1-0

[Event "CYCC U10"]
[Site "Victoria CAN"]
[Date "2005.03.26"]
[Round "5.9"]
[White "Sohal, Tanraj"]
[Black "Constantinescu, Vlad"]
[Result "1-0"]
[WhiteElo "1279"]
[BlackElo "1094"]
[PlyCount "97"]
[GameId "2160767910968995"]
[EventDate "2005.03.24"]
[EventType "swiss"]
[EventRounds "7"]
[EventCountry "CAN"]

1. e4 e5 2. Nf3 Nc6 3. Bb5 Bc5 4. O-O Nge7 5. c3 a6 6. Bc4 d5 7. exd5 Nxd5 8. b4 Bb6 9. Qb3 Be6 10. d3 O-O 11. Re1 f6 12. Be3 Re8 13. Nbd2 Qd7 14. Bxb6 cxb6 15. d4 b5 16. Bxd5 Bxd5 17. Qc2 exd4 18. Nxd4 Rac8 19. Qf5 Qxf5 20. Nxf5 Red8 21. Nb3 g6 22. Ne3 Bxb3 23. axb3 Ne5 24. Rac1 Rc7 25. c4 bxc4 26. bxc4 Kf7 27. h3 Rdc8 28. c5 Ke6 29. Rcd1 Rd7 30. Rxd7 Nxd7 31. Rd1 b6 32. Rd6+ Ke7 33. Nd5+ Ke8 34. Rxd7 Kxd7 35. Nxb6+ Kc7 36. Nxc8 Kxc8 37. Kf1 Kc7 38. Ke2 Kc6 39. Kd3 Kb5 40. Kd4 Kc6 41. f4 f5 42. g4 fxg4 43. hxg4 h5 44. gxh5 gxh5 45. f5 h4 46. f6 h3 47. f7 h2 48. f8=Q h1=Q 49. Qa8+ 1-0

[Event "CYCC U10"]
[Site "Victoria CAN"]
[Date "2005.03.26"]
[Round "5.10"]
[White "Li, Stanley"]
[Black "Dragan, Cristian"]
[Result "0-1"]
[WhiteElo "1197"]
[BlackElo "1044"]
[PlyCount "80"]
[GameId "2160767910968996"]
[EventDate "2005.03.24"]
[EventType "swiss"]
[EventRounds "7"]
[EventCountry "CAN"]

1. e4 e6 2. d4 d5 3. Nc3 Nf6 4. Bg5 h6 5. Bh4 g5 6. Bg3 dxe4 7. Be5 Nc6 8. Nge2 Nxe5 9. dxe5 Qxd1+ 10. Rxd1 Ng4 11. Nb5 Bb4+ 12. c3 Ba5 13. Ned4 a6 14. Na3 Nxe5 15. Nc4 Nxc4 16. Bxc4 Bd7 17. Nc2 Ba4 18. b3 Bb5 19. Bxb5+ axb5 20. b4 Bb6 21. a3 Rd8 22. Rxd8+ Kxd8 23. O-O Ke7 24. Ne3 Bxe3 25. fxe3 e5 26. Rd1 Rd8 27. Ra1 f5 28. a4 Ra8 29. a5 f4 30. exf4 exf4 31. Re1 e3 32. g3 Re8 33. Kg2 Kf6 34. h4 Kf5 35. Kf3 g4+ 36. Kg2 f3+ 37. Kf1 Ke4 38. h5 f2 39. Rd1 Kf3 40. Rd7 e2# 0-1

[Event "CYCC U10"]
[Site "Victoria CAN"]
[Date "2005.03.26"]
[Round "5.11"]
[White "McDonald, Garrett"]
[Black "Gann, Connor"]
[Result "0-1"]
[WhiteElo "840"]
[BlackElo "922"]
[PlyCount "42"]
[GameId "2160767910968997"]
[EventDate "2005.03.24"]
[EventType "swiss"]
[EventRounds "7"]
[EventCountry "CAN"]

1. d4 d5 2. c4 c6 3. Nc3 Nf6 4. Bg5 e6 5. Bxf6 Qxf6 6. c5 b6 7. Na4 Nd7 8. b4 a5 9. Nxb6 Nxb6 10. cxb6 Bxb4+ 11. Qd2 Bxd2+ 12. Kxd2 Qxd4+ 13. Kc2 Qxa1 14. Nf3 Rb8 15. e3 Ba6 16. Nd2 Rxb6 17. Nb3 Qxa2+ 18. Kc3 Rxb3+ 19. Kd4 c5+ 20. Kxc5 Qc2+ 21. Kd6 Qc3 0-1

[Event "CYCC U10"]
[Site "Victoria CAN"]
[Date "2005.03.26"]
[Round "5.12"]
[White "Brown, David"]
[Black "Gladstone, Simon"]
[Result "0-1"]
[WhiteElo "777"]
[BlackElo "1136"]
[PlyCount "54"]
[GameId "2160767910968998"]
[EventDate "2005.03.24"]
[EventType "swiss"]
[EventRounds "7"]
[EventCountry "CAN"]

1. d4 e6 2. c4 Nf6 3. Nc3 Bb4 4. Bd2 O-O 5. e3 d6 6. Bd3 b6 7. Rc1 Bb7 8. Bb1 Bxg2 9. Qc2 Nbd7 10. e4 Re8 11. e5 dxe5 12. dxe5 Nxe5 13. Bg5 g6 14. Bf4 Nxc4 15. Rd1 Qc8 16. Bg5 Ne4 17. Qc1 Nxg5 18. Qxg5 Bxh1 19. Qh6 Nxb2 20. Rd2 Bxc3 21. Ne2 Bxd2+ 22. Kxd2 Qd7+ 23. Kc2 Be4+ 24. Kxb2 Qb5+ 25. Kc3 Qc5+ 26. Kb2 Qb4+ 27. Ka1 Qxb1# 0-1